000 00359nam a22001217a 4500
999 _c1191
_d1191
005 20200826111321.0
008 200826b ||||| |||| 00| 0 eng d
020 _a0241894972
040 _cCML
245 _aAdvanced use of English.
_cRobinson, C.
260 _aGreat Britain
_bRichard Clay Ltd
_c1977
942 _2ddc
_cBK
_e1st Edition
_h428
_mROB